Online
Catalog

Más allá del dominó / (Record no. 7047)

MARC details
000 -CABECERA
campo de control de longitud fija 00701nam a2200205 a 4500
001 - NÚMERO DE CONTROL
campo de control 000007266
005 - FECHA Y HORA DE LA ÚLTIMA TRANSACCIÓN
campo de control 20200929154121.0
008 - DATOS DE LONGITUD FIJA--INFORMACIÓN GENERAL
campo de control de longitud fija 090907s200u dr a r 000 0 spa d
040 ## - FUENTE DE LA CATALOGACIÓN
Centro catalogador/agencia de origen DO-SdBNP
Lengua de catalogación spa
Centro/agencia transcriptor BNPHU
082 ## - NÚMERO DE LA CLASIFICACIÓN DECIMAL DEWEY
Número de clasificación 795.32
Número de documento/Ítem H565m
100 1# - ENTRADA PRINCIPAL--NOMBRE DE PERSONA
Nombre de persona Herrera, Jacobo
9 (RLIN) 20162
245 10 - MENCIÓN DE TÍTULO
Título Más allá del dominó /
Mención de responsabilidad, etc. Jacobo Herrera ; asesores Plinio Eulises Mesa, Andelson Veras.
246 24 - FORMA VARIANTE DE TÍTULO
Título propio/Titulo breve Más allá del dominó:
Resto del título técnicas avanzadas
260 ## - PUBLICACIÓN, DISTRIBUCIÓN, ETC.
Lugar de publicación, distribución, etc. [Santo Domingo?] :
Nombre del editor, distribuidor, etc. Escorpión Publicidad,
Fecha de publicación, distribución, etc. [19--?].
300 ## - DESCRIPCIÓN FÍSICA
Extensión 86 p. :
Otras características físicas il. ;
Dimensiones 20 cm.
590 ## - NOTA LOCAL (RLIN)
Nota local Inventariado, 2018/BT
650 #4 - PUNTO DE ACCESO ADICIONAL DE MATERIA--TÉRMINO DE MATERIA
Término de materia o nombre geográfico como elemento de entrada Dominó
9 (RLIN) 20160
650 #4 - PUNTO DE ACCESO ADICIONAL DE MATERIA--TÉRMINO DE MATERIA
Término de materia o nombre geográfico como elemento de entrada Juegos de tablero
9 (RLIN) 20161
910 ## - DATOS DE OPCIÓN DEL USUARIO (OCLC)
Datos de opción del usuario Validado. Control de calidad. MMOLINA
Holdings
Estado de retiro Estado de pérdida Restricciones de uso No para préstamo Código de colección Localización permanente Ubicación/localización actual Ubicación en estantería Fecha de adquisición Número de inventario Total de préstamos Signatura topográfica completa Código de barras Fecha visto por última vez Número de copia Precio válido a partir de Tipo de ítem Koha
        Dominicana de Servicio General General Depósito 07.09.2009 LF1   795.32 H565m 7266-30 25.06.2020 e. 3 25.06.2020 Libro y Folleto Colección Dominicana de Servicio
      Excluido de préstamo Patrimonio Dominicano Patrimonio Dominicano Patrimonio Dominicano Depósito 07.09.2009 LF1   795.32 H565m 7266-10 25.06.2020   25.06.2020 Libro y Folleto Colección Patrimonio Dominicano
      Excluido de préstamo Patrimonio Dominicano Patrimonio Dominicano Patrimonio Dominicano Depósito 07.09.2009 LF1   795.32 H565m 7266-20 25.06.2020 e. 2 25.06.2020 Libro y Folleto Colección Patrimonio Dominicano

Powered by Koha